000 01097 a2200241 4500
001 47183
005 20260407155740.0
008 260407a1974 arg spa d
003 AR-UNSa-BCEJYS
040 _aAR-UNSa-BCEJYS
_bspa
_cAR-UNSa-BCEJYS
080 _a330(82)
_xEconomia Argentina
245 1 0 _aLos planes de estabilización en la Argentina
264 1 _aBuenos Aires :
_bPaidós
_c1974
300 _a132 p.
_c18 cm.
505 _a1. Devaluación, redistribución de ingresos y el proceso de desarticulación industrial en la Argentina / Aldo Ferrer - 2. Estrategias de estabilización y expansión en la Argentina: 1959-67 / Mario S. Brodersohn - 3. Las políticas económicas ortodoxas de Perón a Guido (1959-1963). Consecuencias económicas y sociales / Eprime Eshag y Rosemary Thorp -
942 _cBK
590 _aniveau_biblio:m niveau_hierar:0
100 1 _aBrodersohn, Mario S.
700 1 _aFerrer, Aldo
700 1 _aEshag, Eprime
700 1 _aThorp, Rosemary
856 4 1 _uhttps://www.biblioeco.unsa.edu.ar/pmb/images/libros/L127422.jpg
_yImagen de portada
_qimage/jpeg
999 _c4312
_d4312